[Event "Senior DM 2020 50+"]
[Site "Logumkloster"]
[Date "2020.02.14"]
[Round "6"]
[White "Ambog, Ejvind Osterby"]
[Black "Rewitz, Poul"]
[Result "0-1"]
[WhiteElo "1875"]
[BlackElo "2186"]
[PlyCount "108"]
[EventDate "2020.02.09"]
[EventType "swiss"]
[EventRounds "7"]
[EventCountry "DEN"]

1. e4 c6 2. d3 d5 3. Nd2 e5 4. Ngf3 Bd6 5. g3 Ne7 6. Bg2 Ng6 7. O-O O-O 8. Re1
Be6 9. c3 Nd7 10. Nf1 dxe4 11. dxe4 Bc5 12. Be3 a5 13. b3 f6 14. Qc2 Qe7 15. h4
h5 16. Bxc5 Qxc5 17. Ne3 Ne7 18. Rac1 Rfd8 19. Qe2 Nf8 20. Kh2 b5 21. Bh3 Bxh3
22. Kxh3 Qd6 23. Red1 Qe6+ 24. Kh2 Qf7 25. c4 Qe8 26. Nf5 Nxf5 27. exf5 b4 28.
c5 Qf7 29. Nd2 Rd4 30. Ne4 a4 31. Rxd4 exd4 32. Qc4 Nd7 33. f4 axb3 34. axb3
Ra2+ 35. Kh3 Qd5 36. Qxd5+ cxd5 37. c6 Nb6 38. Nd6 d3 39. c7 Rc2 40. Rd1 Rxc7
41. Rxd3 Rc3 42. Rd2 Rxb3 43. Re2 Nc4 44. Re8+ Kh7 45. Nf7 g6 46. Re7 gxf5 47.
Ng5+ Kg8 48. Ne6 Re3 49. Rg7+ Kh8 50. Re7 Nd6 51. Nf8 Rxe7 52. Ng6+ Kg7 53.
Nxe7 b3 54. Nxd5 Ne4 0-1

[Event "Senior DM 2020 50+"]
[Site "Logumkloster"]
[Date "2020.02.15"]
[Round "7"]
[White "Hein, Jacob"]
[Black "Otten, Peter"]
[Result "0-1"]
[WhiteElo "1418"]
[BlackElo "1617"]
[PlyCount "142"]
[EventDate "2020.02.09"]
[EventType "swiss"]
[EventRounds "7"]
[EventCountry "DEN"]

1. d4 d5 2. c4 e6 3. c5 b6 4. b4 a5 5. Ba3 axb4 6. Bxb4 Nc6 7. Bc3 bxc5 8. e3
c4 9. Qd2 Nf6 10. f3 Ba6 11. a4 Be7 12. Be2 O-O 13. Nh3 Qd7 14. O-O Rfb8 15.
Bd1 Nb4 16. Bc2 Nxc2 17. Qxc2 c5 18. Rd1 Qc7 19. Na3 Rb3 20. Rdb1 Rxb1+ 21.
Nxb1 Rb8 22. Nd2 cxd4 23. exd4 Bd6 24. Rb1 Bxh2+ 25. Kh1 Bd6 26. Rxb8+ Qxb8 27.
g4 g6 28. Kg2 Be7 29. Qc1 Qe8 30. Qa1 Bd8 31. a5 Qc6 32. Qa3 Nd7 33. Nf1 Bh4
34. Ne3 Qc7 35. Nf1 Bd8 36. Qc1 Kg7 37. Bd2 Bf6 38. Bh6+ Kg8 39. Qa3 Bxd4 40.
Qe7 Bc5 41. Qe8+ Nf8 42. Qa4 Bd6 43. Qa1 Be5 44. Qa4 Bg7 45. g5 Qd7 46. Qb4
Bxh6 47. gxh6 f6 48. Ne3 Kf7 49. Ng4 e5 50. Qb6 Qe6 51. Qa7+ Ke8 52. Qg7 Qe7
53. Nxf6+ Kd8 54. Ng5 c3 55. Qxf8+ Qxf8 56. Ne6+ Ke7 57. Nxf8 c2 58. N8xh7 c1=Q
59. Nxd5+ Kd6 60. f4 Qd2+ 61. Kg3 Qxd5 62. Nf6 exf4+ 63. Kh4 g5+ 64. Kh5 Be2+
65. Kg6 Bd3+ 66. Kg7 Qb7+ 67. Kf8 Qe7+ 68. Kg8 Qxf6 69. h7 Qg6+ 70. Kf8 Qxh7
71. a6 Ke6 0-1

[Event "Senior DM 2020 50+"]
[Site "Logumkloster"]
[Date "2020.02.15"]
[Round "7"]
[White "Beckovic, Dzano"]
[Black "Nielsen, Frode Benedikt"]
[Result "0-1"]
[WhiteElo "1691"]
[BlackElo "1901"]
[PlyCount "26"]
[EventDate "2020.02.09"]
[EventType "swiss"]
[EventRounds "7"]
[EventCountry "DEN"]

1. f4 e5 2. fxe5 d6 3. Nf3 Nc6 4. g3 dxe5 5. d3 Nf6 6. e4 Bc5 7. Bg2 Ng4 8. Rf1
O-O 9. h3 Ne3 10. Bxe3 Bxe3 11. Qe2 Bh6 12. Nbd2 Nd4 13. O-O-O Nxe2+ 0-1

[Event "Senior DM 2020 50+"]
[Site "Logumkloster"]
[Date "2020.02.15"]
[Round "7"]
[White "Rewitz, Poul"]
[Black "Westenborg, Allan"]
[Result "1-0"]
[WhiteElo "2186"]
[BlackElo "1813"]
[PlyCount "85"]
[EventDate "2020.02.09"]
[EventType "swiss"]
[EventRounds "7"]
[EventCountry "DEN"]

1. c4 e5 2. Nc3 Nc6 3. Nf3 f5 4. g3 Nf6 5. d4 exd4 6. Nxd4 Nxd4 7. Qxd4 d6 8.
Bg2 Be7 9. O-O O-O 10. b3 a5 11. Bb2 Ne8 12. Nd5 Bf6 13. Nxf6+ Qxf6 14. Qd5+
Qf7 15. Qxf7+ Kxf7 16. Bd5+ Kg6 17. Rad1 Nf6 18. Bg2 Rb8 19. Rd4 Re8 20. e3 b6
21. Rfd1 Bb7 22. h3 Bxg2 23. Kxg2 Re4 24. Rxe4 Nxe4 25. g4 fxg4 26. hxg4 Rf8
27. f3 Nc5 28. f4 h6 29. Kf3 Re8 30. Rd4 Kf7 31. Bc3 g5 32. f5 Nd7 33. Rd2 Ne5+
34. Bxe5 Rxe5 35. e4 Re8 36. Rh2 Rh8 37. Ke3 Kf6 38. Kd4 Rh7 39. Kd5 Ke7 40. e5
dxe5 41. Kxe5 Ke8 42. Kf6 Kf8 43. Rd2 1-0

[Event "Senior DM 2020 50+"]
[Site "Logumkloster"]
[Date "2020.02.15"]
[Round "7"]
[White "Skov, Palle"]
[Black "Bohnstedt, Michael"]
[Result "1-0"]
[WhiteElo "1966"]
[BlackElo "1456"]
[PlyCount "141"]
[EventDate "2020.02.09"]
[EventType "swiss"]
[EventRounds "7"]
[EventCountry "DEN"]

1. b3 e5 2. Bb2 Nc6 3. e3 a6 4. c4 Nf6 5. Nc3 Bb4 6. Nd5 Nxd5 7. cxd5 Ne7 8.
Bxe5 f6 9. Bb2 O-O 10. a3 Bd6 11. Bd3 b5 12. a4 b4 13. Bc4 a5 14. Qg4 Ng6 15.
Nf3 Ba6 16. d3 Bxc4 17. dxc4 Ne5 18. Nxe5 Bxe5 19. O-O-O Bxb2+ 20. Kxb2 f5 21.
Qd4 Qf6 22. Qxf6 Rxf6 23. Rd4 Re8 24. Rc1 Re4 25. Rcd1 Rh6 26. h3 Rg6 27. g3
Rh6 28. h4 g5 29. Rxe4 fxe4 30. hxg5 Rh2 31. Rd2 Kf7 32. Kc2 Kg6 33. f3 Rxd2+
34. Kxd2 exf3 35. e4 Kxg5 36. Ke3 Kg4 37. Kf2 d6 38. e5 dxe5 39. c5 e4 40. d6
cxd6 41. cxd6 e3+ 42. Kxe3 Kxg3 43. d7 f2 44. d8=Q f1=Q 45. Qg8+ Kh2 46. Qxh7+
Kg3 47. Qg6+ Kh4 48. Qe4+ Kg3 49. Qe5+ Kg2 50. Qd5+ Kg3 51. Kd4 Qf2+ 52. Kc4
Qe2+ 53. Kc5 Qe3+ 54. Kb5 Qa7 55. Qd6+ Kg4 56. Qb6 Qd7+ 57. Kxa5 Qd5+ 58. Kxb4
Qe4+ 59. Kb5 Qd3+ 60. Ka5 Qd5+ 61. Qb5 Qd8+ 62. Qb6 Qd5+ 63. Ka6 Qd3+ 64. Ka7
Qd7+ 65. Ka6 Qd3+ 66. Ka5 Qd5+ 67. Qb5 Qd8+ 68. Kb4 Qd6+ 69. Qc5 Qd2+ 70. Ka3
Qe1 71. Qb4+ 1-0

[Event "Senior DM 2020 50+"]
[Site "Logumkloster"]
[Date "2020.02.15"]
[Round "7"]
[White "Hansen, Hans Valdemar"]
[Black "Thuesen, Mogens Henrik"]
[Result "0-1"]
[WhiteElo "1801"]
[BlackElo "2203"]
[PlyCount "38"]
[EventDate "2020.02.09"]
[EventType "swiss"]
[EventRounds "7"]
[EventCountry "DEN"]

1. e4 c5 2. f4 d5 3. e5 Nc6 4. Nf3 Bg4 5. Be2 e6 6. d3 Nh6 7. c3 Nf5 8. Ng5
Bxe2 9. Qxe2 Be7 10. g4 Nh4 11. Nh3 h5 12. f5 hxg4 13. fxe6 gxh3 14. exf7+ Kxf7
15. Rf1+ Kg8 16. Qg4 Qc8 17. e6 Ne5 18. Qe2 Qxe6 19. Kd1 Qg4 0-1